00353nam a2200133Ia 4500003000400000005001700004008004100021040001800062082001800080100002200098245004800120260004300168300000800211OSt20200606120049.0190216s9999||||xx |||||||||||||| ||und|| cMESKC library a891.43bMIS/N aMishra, Bageerath 0aNirala Kavya Ka Adyayan /cBageerath Mishra bRadhakrishna Prakashan,aDelhi:c1973. a88p